=LDR 00000nam 2200000 4500 =001 INLIS000000000033035 =005 20210324094046 =035 ##$$a 0010-061300000033035 =008 210324################g##########0#ind## =041 ##$$a ind =082 ##$$a 340 =090 ##$$a 340, Bru r =100 ##$$a Bruggink, J.J.H =245 1#$$a Refleksi tentang hukum /$c J.J.H bruggink; Alih bahasa, Arief Sidartha =260 ##$$a Bandung :$b Citra Aditya Bakti,$c 1999 =300 ##$$a xi,272 hlm, : $b ilus. ; $c 21 x 14 cm. =650 #4$$a Hukum =700 #$$a Sidartha, Arief B =850 ##$$a NBPNMAT =020 ##$$a 979-414-731-1 =084 ##$$a 340 BRU r =250 ##$$a cet.2 =504 ##$$a Bibliografi :hlm.265-272 =990 ##$$a 21003917 =990 ##$$a 21003920 =990 ##$$a 21003918